000 01164cam a22002054a 4500
005 20250605164120.0
008 250528s ||||||||||||||||||||||||d
035 _a18221
020 _a9604054333
040 _aGR-AtMCL
_bgre
_dGR-AtMCL
_eAACR2
245 1 _aΔιαχείριση Δεδομένων / Θεωρία και Πράξη με το Πρόγραμμα dBase IV
260 _bΊων,
_c1993
300 _a400
520 _aΕισαγωγή στη Διαχείριση Δεδομένων, dBASE IV: Γενική Επισκόπηση, Σχεδιασμός Δομής Βάσης Δεδομένων, Δημιουργία και Επιμέλεια Βάσης Δεδομένων, Πληροφόρηση Μέσω της Βάσης Δεδομένων, Οργάνωση Δεδομένων: Ευρετηριασμός και Μόνιμη Ταξινόμηση, Μορφοποιημένες Οθόνες (Forms), Αναφορές (Reports), Δημιουργία Επιγραφών (Labels), Ειδικά Θέματα.
700 1 _aΚοντέση Μ
_94504
700 1 _aΠεχλιβανίδη Η
_94505
942 _cBK
999 _c3596
_d3596